| 000 -LEADER |
| fixed length control field |
00357nam a22001337a 4500 |
| 008 - FIXED-LENGTH DATA ELEMENTS--GENERAL INFORMATION |
| fixed length control field |
191210b ||||| |||| 00| 0 eng d |
| 082 00 - DEWEY DECIMAL CLASSIFICATION NUMBER |
| Classification number |
623.81 |
| Item number |
B2592 |
| 100 ## - MAIN ENTRY--PERSONAL NAME |
| 9 (RLIN) |
280 |
| Personal name |
Barnaby, Kenneth C |
| 245 10 - TITLE STATEMENT |
| Title |
Basic Naval Architecture |
| 260 ## - PUBLICATION, DISTRIBUTION, ETC. (IMPRINT) |
| Place of publication, distribution, etc |
London |
| Name of publisher, distributor, etc |
Hutchinson |
| Date of publication, distribution, etc |
[n.d.] |
| 300 ## - PHYSICAL DESCRIPTION |
| Extent |
340 p. |
| 650 #0 - SUBJECT ADDED ENTRY--TOPICAL TERM |
| Topical term or geographic name as entry element |
Naval Architecture |
| 942 ## - ADDED ENTRY ELEMENTS (KOHA) |
| Item type |
Books |